| Tag |
First Indicator |
Second Indicator |
Subfields |
| LEADER |
00000cam a2200000I 4500 |
| 001 |
in00000028327 |
| 005 |
20151007061408.0 |
| 008 |
740425q19501959nyu 000 0 eng |
| 010 |
|
|
|a 58000501
|
| 035 |
|
|
|a (OCoLC)ocm00869324
|
| 035 |
|
|
|a (OCoLC)00869324
|
| 035 |
|
|
|9 AAD1969AM
|
| 040 |
|
|
|a DLC
|c KSU
|d OCL
|d UtOrBLW
|
| 041 |
1 |
|
|a eng
|h fre
|
| 049 |
|
|
|a TXAM
|c [291913]
|
| 050 |
0 |
0 |
|a ML270.5
|b .R713
|
| 100 |
1 |
|
|a Rostand, Claude.
|
| 245 |
1 |
0 |
|a French music today /
|c Translated from the French by Henry Marx.
|
| 264 |
|
1 |
|a New York :
|b Merlin Press,
|c [between 1950 and 1959]
|
| 300 |
|
|
|a 147 pages ;
|c 17 cm.
|
| 336 |
|
|
|a text
|b txt
|2 rdacontent
|
| 337 |
|
|
|a unmediated
|b n
|2 rdamedia
|
| 338 |
|
|
|a volume
|b nc
|2 rdacarrier
|
| 650 |
|
0 |
|a Music
|z France.
|
| 650 |
|
0 |
|a Music
|y 20th century
|x History and criticism.
|
| 994 |
|
|
|a E0
|b TXA
|
| 999 |
|
|
|a MARS
|
| 999 |
f |
f |
|s 449a73e7-b911-3300-9ece-e995062d8523
|i 31633c1a-06b8-3a7e-ad4d-a22aba6fd7ac
|t 0
|
| 952 |
f |
f |
|p ric
|a Texas A&M University
|b Rellis Campus
|c Joint Library Facility
|d Remote Storage
|t 0
|e ML270.5 .R713
|h Library of Congress classification
|i unmediated -- volume
|m A14801168890
|
| 998 |
f |
f |
|a ML270.5 .R713
|t 0
|l Remote Storage
|